Estatísticas para Espécie de cada alien do Ben 10

Clique aqui para jogar o quiz

Estatísticas Gerais

  • Esse quiz foi jogado 18 vezes
  • A pontuação média é 8 de 19

Estatísticas das Respostas

AlienEspécie% Correto
Massa
Cinzenta
Galvaniano
100%
Quatro
Braços
Tetramando
86%
BestaVulpimancer
79%
ChamaPyronita
64%
Ultra-TMecamorfo
Galvânico
57%
Xlr8Kinecelerano
50%
FantasmáticoEctonurita
43%
Cipó
Selvagem
Florauna
43%
GlutãoGourmando
43%
InsectóideLepidopterrano
29%
Bala De
Canhão
Pelarota
Arburiano
29%
DiamanteTadenita
29%
BlitzwolferLoboan
21%
AquáticoPiscciss Volann
21%
Mega OlhosOpticóide
14%
CloneSplixion
14%
Snare-OhThep Khufan
14%
FrankenstrikeTransyliano
14%
GiganteTo´Kustar
7%

Distribuição das Pontuações

Percentil de Números Respondidos

Porcentagem de Pessoas com Cada Pontuação

Sua Pontuação Histórica

Você não jogou esse quiz